000 00688nam a2200229Ia 4500
003 GCL
008 140319s9999 xx 000 0 ara d
040 _aGCL /
_cGCL
082 0 4 _aق
_b962.054
_bم ح
100 1 _aمصطفى بهجت بدوى
245 1 0 _aحكايات سبتمبر 42 /
_cمصطفى بهجت بدوى
260 _a[S.N] :
_bمركز الاهرام للترجمة والنشر ،
_c1990
300 _a327 ص
490 _a
650 0 4 _aالعصر الحديث
650 0 4 _aمصر
650 0 4 _aتاريخ
650 0 4 _aالاحوال السياسية
650 0 4 _aثورة 23 يوليو 1952
650 0 4 _aجمال عبدالناصر
942 _2ddc
_cBK
999 _c52504
_d52504